Responses for Show #501 - Monday, November 10, 1986

1986 Tournament of Champions quarterfinal game 1.

Contestants

[<< previous game]

Danny Green, a teacher from Las Vegas, Nevada

Lionel Goldbart, a retired schoolteacher from Miami Beach, Florida

Jay Rosenberg, a professor of philosophy from Chapel Hill, North Carolina

[next game >>]

Jeopardy! Round responses

ENGLISH LITERATURE
"LITTLE"
ON THE ROAD
LEAD SINGERS
WOMEN IN SPORTS
CATS & DOGS
    $100 1
Goodbye Mr. Chips

Jay
    $100 23
Little Drummer Boy

Danny
    $100 17
(Jay: What are modular telephones?)
[Initially ruled correct; reversed before Final Jeopardy!]

cellular telephones

Jay
Triple Stumper
    $100 3
The Four Seasons

Danny
    $100 5
Kentucky Derby

Danny
    $100 8
death

Jay
    $200 2
Beatrix Potter

Danny
    $200 26
Little Jack Horner

Jay
    $200 19
Route 66

Lionel
    $200 4
Patti LaBelle

Lionel
    $200 6
Esther Williams

Triple Stumper
    $200 9
tail

Jay
    $300 12
She

Jay
    $300 27
[The end-of-round signal sounds.]

little sisters

Triple Stumper
    $300 20
fire hydrant

Triple Stumper
    $300 24
The Ronettes

Lionel
    $300 7
Press

Triple Stumper
    $300 10
(Lionel: What is miniature?)

toys

Lionel
Triple Stumper
    $400 14
a man

Lionel
    $400 21
Baltimore

Lionel
    $5 25
(Lionel: Who are Herman's Hermits?)
[The song heard was "I'm Telling You Now".]

Freddie And The Dreamers

Lionel
    $400 15
tennis

Lionel
    $400 11
terrier

Lionel
    $500 18
Great Expectations

Triple Stumper
    $500 22
Highway 1

Triple Stumper
    $500 16
golf

Lionel
    $500 13
Japan

Jay

Scores at the first commercial break (after clue 10):

Jay Lionel Danny
$400 -$100 $400

Scores at the end of the Jeopardy! Round:

Jay Lionel Danny
$1,300 $2,495 $500

Double Jeopardy! Round responses

JOURNALISM
AFRICA
MULTIPLE CHOICE
FABLES & TALES
7-LETTER WORDS
1986 B.C.
    $200 21
Ripley's Believe It Or Not

Jay
    $200 16
Botha

Danny
    $200 11
million dollars

Triple Stumper
    $200 22
tugboat

Jay
    $200 4
neither

Jay
    $200 1
Egypt

Jay
    $400 24
classified ads

Triple Stumper
    $400 17
Islam

Jay
    $400 12
bacon

Jay
    $400 23
Pandora's Box

Lionel
    $400 5
breadth

Jay
    $400 2
bronze

Jay
    $600 25
Newsday

Lionel
    $600 18
Nigeria

Lionel
    $600 13
Sagittarius

Jay
    $1,400 27
The Little Red Hen

Jay
    $600 6
penance

Danny
    $600 3
[ERRATUM: The word "archaeologists" was misspelled in the clue as shown.]

Abraham

Lionel
    $800 26
L'Osservatore Romano

Jay
    $800 19
Sierra Leone

Jay
    $1,300 14
(Jay: I can't even think of one.)

Who's The Boss? and You Again?

Jay
    $800 28
humph

Jay
    $800 9
faculty

Jay
    $800 7
renaissance

Jay
    $1000 20
Zaire

Lionel
    $1000 15
(Alex: [**], [*], in The Conqueror.)

Genghis Khan (or Temujin)

Danny
    $1000 29
[The end-of-round signal sounds.]

turnip

Triple Stumper
    $1000 10
admiral

Danny
    $1000 8
Crete

Jay

Scores at the end of the Double Jeopardy! Round:

Jay Lionel Danny
$9,400 $5,695 $3,300

Final Jeopardy! Round responses

ACTORS & ACTRESSES
DannyWho are M. Streep & R. De Niro
$3,300
LionelWho are K Hepburn & Hoffman
$695
JayWho are K. Hepburn & M. Brando
$1,800
(2 of) Katharine Hepburn, Walter Brennan or Ingrid Bergman

Final scores:

Jay Lionel Danny
$7,600 $5,000 $0
Automatic semifinalist 2nd place: $1,000 if eliminated 3rd place: $1,000 if eliminated

Game dynamics:

Coryat scores:

Jay Lionel Danny
$9,900 $5,700 $3,300
22 R
(including 1 DD),
2 W
(including 1 DD)
13 R,
2 W
(including 1 DD)
8 R,
0 W

Combined Coryat: $18,900

[game clues] [game scores] [suggest correction]

Game tape date: 1986-10-28
The J! Archive is created by fans, for fans. Scraping, republication, monetization, and malicious use prohibited; this site may use cookies and collect identifying information. See terms. The Jeopardy! game show and all elements thereof, including but not limited to copyright and trademark thereto, are the property of Jeopardy Productions, Inc. and are protected under law. This website is not affiliated with, sponsored by, or operated by Jeopardy Productions, Inc. Join the discussion at JBoard.tv.